| 000 | 00689nam a2200205 u 4500 | ||
|---|---|---|---|
| 005 | 20240228063655.0 | ||
| 008 | 151110s2008 r 000 0 eng d | ||
| 020 | _a9788424158033 | ||
| 035 | _aUPN01000206690 | ||
| 049 | _aI | ||
| 050 | 4 |
_aPQ6713 A7.8 _bC8.5 |
|
| 100 | 1 |
_aMartín Anguita, Carmen _931763 |
|
| 245 | 1 | 3 |
_aEl cumpleaños de Laika : _bLaika adopta a un cachorro / _cCarmen Martín Anguita; il de Alicia Cañas Cortázar. |
| 260 |
_aMadrid : _bEverest. _c2008. |
||
| 300 |
_a31 p. : _bil. col. |
||
| 440 | 0 |
_aCreciendo con Marta. _pLibros para sentir |
|
| 650 | 7 |
_aLibros ilustrados para niños _2 _921365 |
|
| 650 | 4 |
_aLiteratura infantil española _95892 |
|
| 905 | _aLibro | ||
| 999 |
_c178791 _d178791 |
||